statistieken voor Nederland - Gemeenten in Drenthe

Klik hier om de quiz te nemen!

Generale statistieken

  • Deze quiz is al 128 keer genomen
  • De gemiddelde score is 8 of 12

Antwoord statistieken

Answer % Correct
Assen
100%
Emmen
95%
Coevorden
82%
Hoogeveen
79%
Meppel
79%
Midden-Drenthe
63%
Aa en Hunze
58%
Tynaarlo
50%
De Wolden
47%
Westerveld
45%
Borger-Odoorn
42%
Noordenveld
42%

Score Distributie

Percentiel op hoeveel beantwoord

Procent van mensen met elke score

Uw Scoregeschiedenis

U hebt deze quiz nog niet genomen